[Event "AUTO-ADV-407"]
[Site "http://www.queenalice.com/game.php?id=168864"]
[Date "2007.2.15"]
[Round "1"]
[White "Lima7"]
[Black "AugustusGenarov"]
[Result "1-0"]
[WhiteElo "1947"]
[BlackElo "1647"]

1. e4 c6 2. d4 d5 3. Nc3 dxe4 4. Nxe4 Nd7 5. Nf3 Ngf6 6. Ng3 Nb6 7. c4 Bg4 8.
Be2 e6 9. O-O Be7 10. b3 O-O 11. Bb2 Qc7 12. Ne5 Bxe2 13. Qxe2 c5 14. Rad1 Rad8
15. Rfe1 cxd4 16. Rxd4 Bd6 17. Ng4 Nbd7 18. Nxf6+ Nxf6 19. Rh4 g6 20. Bxf6 1-0

[Event "AUTO-ADV-407"]
[Site "http://www.queenalice.com/game.php?id=168865"]
[Date "2007.2.15"]
[Round "1"]
[White "AugustusGenarov"]
[Black "Lima7"]
[Result "0-1"]
[WhiteElo "1726"]
[BlackElo "1933"]

1. e4 e5 2. Nf3 Nc6 3. Bb5 Bc5 4. c3 d6 5. d4 exd4 6. cxd4 Bb4+ 7. Nc3 Nf6 8.
O-O O-O 9. Re1 Bg4 10. Bxc6 bxc6 11. Bg5 Re8 12. e5 h6 13. Bxf6 gxf6 14. Re3
fxe5 15. dxe5 d5 16. Qd4 Bxf3 17. Rxf3 Bxc3 18. bxc3 Re6 19. Re1 Rb8 0-1

[Event "AUTO-ADV-407"]
[Site "http://www.queenalice.com/game.php?id=168876"]
[Date "2007.2.15"]
[Round "1"]
[White "ravague"]
[Black "AugustusGenarov"]
[Result "1-0"]
[WhiteElo "1804"]
[BlackElo "1797"]

1. e4 c6 2. f4 d5 3. exd5 cxd5 4. Nf3 Nc6 5. c4 Nf6 6. cxd5 Nxd5 7. Bc4 Bf5 8.
O-O e6 9. Nc3 Nxf4 10. d4 Qb6 11. Bxf4 Bb4 12. Kh1 Rd8 13. d5 O-O 14. Nb5 exd5
15. Be2 a6 16. Bc7 Qe3 17. Bxd8 Rxd8 18. Nbd4 1-0

[Event "AUTO-ADV-407"]
[Site "http://www.queenalice.com/game.php?id=168877"]
[Date "2007.2.15"]
[Round "1"]
[White "AugustusGenarov"]
[Black "ravague"]
[Result "1-0"]
[WhiteElo "1729"]
[BlackElo "1854"]

1. e4 e5 2. Nf3 Nc6 3. Bc4 d6 4. O-O Be7 5. c3 Nf6 6. Re1 h6 7. h3 O-O 8. d4 Nh5
9. Bd3 Nf4 10. Bxf4 exf4 11. Nbd2 Kh8 12. Bc2 g5 13. Nc4 h5 14. Qd3 f5 15. e5 d5
16. Ncd2 Rf7 17. e6 Rf8 18. Ne5 Qe8 19. g4 Bxe6 20. gxh5 Qxh5 21. Nxc6 f3 22.
Nxe7 g4 23. Rxe6 gxh3 24. Ng6+ Kh7 25. Nxf8+ Kg7 26. Kh2 1-0

[Event "AUTO-ADV-407"]
[Site "http://www.queenalice.com/game.php?id=168882"]
[Date "2007.2.15"]
[Round "1"]
[White "yo_soy_lo_mejor"]
[Black "AugustusGenarov"]
[Result "1-0"]
[WhiteElo "1822"]
[BlackElo "1666"]

1. e4 Nf6 2. e5 Nd5 3. c4 Nb6 4. d4 d6 5. exd6 cxd6 6. Nc3 g6 7. Nf3 Bg7 8. Qc2
O-O 9. Bd3 Nc6 10. O-O e5 11. dxe5 dxe5 12. Be3 f5 13. Ne1 e4 14. Be2 1-0

[Event "AUTO-ADV-407"]
[Site "http://www.queenalice.com/game.php?id=168883"]
[Date "2007.2.15"]
[Round "1"]
[White "AugustusGenarov"]
[Black "yo_soy_lo_mejor"]
[Result "0-1"]
[WhiteElo "1656"]
[BlackElo "1834"]

1. e4 c5 2. Nf3 d6 3. d4 cxd4 4. Nxd4 Nf6 5. Nc3 a6 6. Bg5 e6 7. f4 Be7 8. Qf3
Qc7 9. O-O-O Nbd7 10. f5 e5 11. Nb3 b5 12. g4 Bb7 13. Bxf6 Nxf6 0-1

[Event "AUTO-OPEN-558"]
[Site "http://www.queenalice.com/game.php?id=168970"]
[Date "2007.2.15"]
[Round "1"]
[White "AugustusGenarov"]
[Black "Toru"]
[Result "1/2-1/2"]
[WhiteElo "1842"]
[BlackElo "1912"]

1. e4 c5 2. Nf3 Nc6 3. d4 cxd4 4. Nxd4 d6 5. Nc3 Nf6 6. Bg5 e5 7. Ndb5 a6 8. Na3
Be7 9. Bxf6 Bxf6 10. Nd5 Bg5 11. c3 O-O 12. Nc2 Kh8 13. h4 Be7 14. Bd3 h6 15. g4
Bxh4 16. Nce3 Bg5 17. Qf3 g6 18. O-O-O Kg7 19. Qh3 Ne7 20. Kb1 Nxd5 21. Nxd5 Be6
22. f4 exf4 23. Rdf1 Bxd5 24. exd5 b5 25. Rf3 Rb8 26. Qh2 a5 27. Rxf4 Bxf4 28.
Qxf4 Qg5 29. Qxd6 Rfd8 30. Qc7 Qxd5 31. Rh3 b4 32. c4 Qg2 33. Qe5+ Kh7 34. Qf4
Qxh3 35. Qxf7+ Kh8 36. Qf6+ Kg8 37. Qxg6+ Kf8 38. Qf6+ Kg8 39. Qg6+ Kf8 40. Qf6+
Kg8 41. Qg6+ 1/2-1/2

[Event "AUTO-OPEN-558"]
[Site "http://www.queenalice.com/game.php?id=168971"]
[Date "2007.2.15"]
[Round "1"]
[White "Toru"]
[Black "AugustusGenarov"]
[Result "1-0"]
[WhiteElo "1868"]
[BlackElo "1911"]

1. d4 Nf6 2. Nf3 c5 3. d5 d6 4. c4 e6 5. Nc3 exd5 6. Nxd5 Be6 7. Bg5 Be7 8. e4
Nc6 9. Bd3 O-O 10. O-O a6 11. Qc2 Rb8 12. a3 b5 13. cxb5 axb5 14. Nxf6+ Bxf6 15.
Bxf6 Qxf6 16. e5 Nxe5 17. Nxe5 Qxe5 18. Bxh7+ Kh8 19. Be4 g6 20. Rfe1 Qh5 21.
Bf3 Qh4 22. Rad1 Kg7 23. Rxd6 Rh8 24. h3 b4 25. Qxc5 bxa3 26. bxa3 Bxh3 27. gxh3
Qxh3 28. Qd4+ Kg8 29. Rd8+ Rxd8 30. Qxd8+ Kh7 31. Qf6 Rf8 32. Re4 1-0

[Event "AUTO-OPEN-558"]
[Site "http://www.queenalice.com/game.php?id=168972"]
[Date "2007.2.15"]
[Round "1"]
[White "AugustusGenarov"]
[Black "lellismota"]
[Result "1-0"]
[WhiteElo "1767"]
[BlackElo "1111"]

1. e4 e5 2. Bc4 Nf6 3. Nc3 Bc5 4. Nf3 d6 5. d4 Bb4 6. dxe5 Nc6 7. exf6 Qxf6 8.
Bd2 O-O 9. O-O Bg4 10. Nd5 Qxb2 11. Bxb4 Ne5 12. Bb3 Bxf3 13. gxf3 Nc6 14. Bc3
Qa3 15. Kh1 Qa6 16. Rg1 Ne5 17. f4 Nd7 18. Rxg7+ Kh8 19. Qh5 f6 20. Qxh7# 1-0

[Event "AUTO-OPEN-558"]
[Site "http://www.queenalice.com/game.php?id=168973"]
[Date "2007.2.15"]
[Round "1"]
[White "lellismota"]
[Black "AugustusGenarov"]
[Result "1-0"]
[WhiteElo "1111"]
[BlackElo "1695"]

1. e4 Nf6 2. Nf3 Nxe4 3. Bd3 d5 4. O-O Bg4 5. Be2 e6 6. d4 Bd6 7. Nbd2 O-O 8. c4
c6 9. c5 Bc7 10. Ne5 Bxe2 11. Qxe2 f5 12. Nb3 Nd7 13. Bf4 Nxe5 14. Bxe5 Bxe5 15.
dxe5 Qg5 16. Nd4 Rae8 17. Rac1 h5 18. Nf3 Qg4 19. h3 Qf4 20. Nd4 Qxe5 21. Rfd1
Rf6 22. f3 1-0

[Event "AUTO-OPEN-558"]
[Site "http://www.queenalice.com/game.php?id=168974"]
[Date "2007.2.15"]
[Round "1"]
[White "AugustusGenarov"]
[Black "fomalhaut"]
[Result "0-1"]
[WhiteElo "1651"]
[BlackElo "1029"]

1. e4 e5 2. Nf3 Nc6 3. Bb5 Nf6 4. O-O Nxe4 5. d4 a6 6. Ba4 b5 7. Bb3 d5 8. dxe5
Be6 9. Qe2 Be7 10. c3 Bg4 11. Rd1 Rb8 12. Bc2 Ng5 13. Bxg5 Bxf3 14. Qxf3 Bxg5
15. Rxd5 Qe7 16. Na3 O-O 0-1

[Event "AUTO-OPEN-558"]
[Site "http://www.queenalice.com/game.php?id=168975"]
[Date "2007.2.15"]
[Round "1"]
[White "fomalhaut"]
[Black "AugustusGenarov"]
[Result "1-0"]
[WhiteElo "1059"]
[BlackElo "1621"]

1. e4 c6 2. d4 d5 3. e5 Bf5 4. Nf3 e6 5. Be2 Ne7 6. O-O Nd7 7. Nh4 c5 8. Nxf5
Nxf5 9. c3 Qb6 10. Na3 O-O-O 11. Rb1 Be7 12. b4 cxd4 13. cxd4 Qxd4 14. Qc2+ Kb8
15. Nb5 Qxe5 16. Bb2 Qf4 17. a3 1-0

[Event "AUTO-OPEN-559"]
[Site "http://www.queenalice.com/game.php?id=169521"]
[Date "2007.2.16"]
[Round "1"]
[White "hmanz"]
[Black "AugustusGenarov"]
[Result "0-1"]
[WhiteElo "1026"]
[BlackElo "1643"]

1. e4 Nf6 2. f3 e5 3. Bc4 Bc5 4. c3 Nc6 5. Ne2 O-O 6. d4 exd4 7. cxd4 Bb4+ 8.
Kf1 d6 9. Qe1 Bxe1 10. Kxe1 Na5 11. Bd3 c5 0-1

[Event "AUTO-OPEN-559"]
[Site "http://www.queenalice.com/game.php?id=169561"]
[Date "2007.2.16"]
[Round "1"]
[White "AugustusGenarov"]
[Black "bobesponja"]
[Result "0-1"]
[WhiteElo "1892"]
[BlackElo "1891"]

1. e4 e5 2. Nf3 Nc6 3. Bb5 a6 4. Ba4 Nf6 5. O-O b5 6. Bb3 Bb7 7. Re1 Bc5 8. c3
Ng4 9. d4 exd4 10. cxd4 Nxd4 11. Nxd4 Qh4 12. Bf4 Qxf2+ 13. Kh1 Bxd4 14. Bg3
Qxg3 0-1

[Event "AUTO-OPEN-559"]
[Site "http://www.queenalice.com/game.php?id=169562"]
[Date "2007.2.16"]
[Round "1"]
[White "bobesponja"]
[Black "AugustusGenarov"]
[Result "1-0"]
[WhiteElo "1878"]
[BlackElo "1738"]

1. e4 Nf6 2. e5 Nd5 3. d4 d6 4. Nf3 Bg4 5. Be2 Nd7 6. h3 Bh5 7. O-O e6 8. c4
N5b6 9. exd6 cxd6 10. Nc3 Be7 11. a4 Nf6 12. a5 Bxf3 13. Bxf3 Nxc4 14. Qa4+ Nd7
15. Qxc4 O-O 16. Bf4 Nf6 17. Bxb7 Rb8 18. a6 d5 19. Qd3 Bd6 20. Be5 Bxe5 21.
dxe5 1-0

[Event "AUTO-ADV-409"]
[Site "http://www.queenalice.com/game.php?id=169578"]
[Date "2007.2.16"]
[Round "1"]
[White "glmelo"]
[Black "AugustusGenarov"]
[Result "1-0"]
[WhiteElo "2054"]
[BlackElo "1850"]

1. e4 Nf6 2. e5 Nd5 3. d4 d6 4. Nf3 Bg4 5. Be2 e6 6. O-O c5 7. c4 Nb6 8. dxc5
dxc5 9. Qxd8+ Kxd8 10. Rd1+ Kc7 11. Nc3 a6 12. Ng5 Bxe2 13. Nxe2 Nxc4 14. Nxf7
Rg8 15. b3 Nb6 16. Nf4 Nc6 17. Nxe6+ Kb8 18. Be3 1-0

[Event "AUTO-ADV-409"]
[Site "http://www.queenalice.com/game.php?id=169579"]
[Date "2007.2.16"]
[Round "1"]
[White "AugustusGenarov"]
[Black "glmelo"]
[Result "0-1"]
[WhiteElo "1729"]
[BlackElo "2128"]

1. e4 c5 2. Nf3 Nc6 3. d4 cxd4 4. Nxd4 Nf6 5. Nc3 e5 6. Ndb5 d6 7. Bg5 a6 8. Na3
b5 9. Nd5 Be7 10. Bxf6 Bxf6 11. c3 Bg5 12. Nc2 O-O 13. h4 Bh6 14. Bd3 Be6 15. a4
bxa4 16. Rxa4 a5 17. g4 Bf4 18. Nxf4 exf4 19. g5 Qb8 20. Qc1 Bb3 21. Ra3 Ne5 22.
Bf1 Qb7 23. Qxf4 Bxc2 0-1

[Event "AUTO-ADV-409"]
[Site "http://www.queenalice.com/game.php?id=169592"]
[Date "2007.2.16"]
[Round "1"]
[White "Herivelto"]
[Black "AugustusGenarov"]
[Result "1-0"]
[WhiteElo "1860"]
[BlackElo "1591"]

1. Nf3 Nf6 2. c4 e6 3. b3 d5 4. cxd5 exd5 5. Bb2 Be7 6. g3 O-O 7. Bg2 c6 8. O-O
Bg4 9. d3 Nbd7 10. Nbd2 Qc7 11. a3 Rae8 12. e3 Bd6 13. Qc2 Be5 14. Nxe5 Nxe5 15.
e4 dxe4 16. Nxe4 Nxe4 17. dxe4 1-0

[Event "AUTO-ADV-409"]
[Site "http://www.queenalice.com/game.php?id=169593"]
[Date "2007.2.16"]
[Round "1"]
[White "AugustusGenarov"]
[Black "Herivelto"]
[Result "0-1"]
[WhiteElo "1677"]
[BlackElo "1804"]

1. e4 c5 2. Nf3 d6 3. d4 cxd4 4. Nxd4 e5 5. Ne2 Nf6 6. Nbc3 b6 7. Ng3 Be7 8. Bg5
O-O 9. Bc4 Bb7 10. O-O Nc6 11. Nf5 Nb4 12. Qe2 Rc8 13. Nxe7+ Qxe7 14. Bd5 Nbxd5
15. Nxd5 Bxd5 16. exd5 h6 17. Bh4 Rc5 18. c4 Rfc8 0-1